• 首页
  • 本馆介绍
  • 公告通知
  • 最新文献
  • 馆藏检索
  • 电子资源
  • 读者导购
  • 参考咨询
  • 我的图书馆
  • 登录
  • 详细信息显示
  • 放入我的书架
  • 预约/预借图书
  • 作者相关作品
  • 分类相关作品
  • 丛书相关作品
  • 出版社相关作品

书目信息

  • 表格格式
  • 工作单格式
  • 卡片格式
题名:
直流激电反演成像理论与方法应用
    
 
作者: 刘海飞 , 柳建新 , 麻昌英 著
分册:  
出版信息: 长沙   中南大学出版社  2017.12
页数: 263页
开本: 25cm
丛书名: 有色金属理论与技术前沿丛书
单 册:
中图分类: P631.3
科图分类:
主题词: 直流--激发极化法--图象处理--研究
电子资源:
ISBN: 978-7-5487-3119-1
000 01414oam2 2200289 450
001 4867
005 20181013142314.04
010    @a978-7-5487-3119-1@b精装@dCNY95.00
100    @a20180412d2017 em y0chiy50 ea
101 0  @achi
102    @aCN@b430000
105    @aa z 000yy
200 1  @a直流激电反演成像理论与方法应用@9zhi liu ji dian fan yan cheng xiang li lun yu fang fa ying yong@dInverse theory and methodology for direct current induced polarization method@f刘海飞,柳建新,麻昌英著@zeng
210    @a长沙@c中南大学出版社@d2017.12
215    @a263页@c图@d25cm
225 1  @a有色金属理论与技术前沿丛书
300    @a国家出版基金项目
330    @a本书介绍直流激电反演成像理论与方法应用。全书共分8章,第1章绪论;第2章介绍直流激电法的基本原理与观测方法;第3章介绍直流激电1D/2D/3D数值模拟方法;第4章介绍最小二乘广义线性反演及正则化技术;第5章为混合范数下的最优化反演方法;第6章为直流激电广义线性反演方法;第7章为非线性全局优化反演方法;第8章为直流激电反演软件研发与应用。
461  0 @12001 @a有色金属理论与技术前沿丛书
510 1  @aInverse theory and methodology for direct current induced polarization method@zeng
606 0  @a直流@x激发极化法@x图象处理@x研究
690    @aP631.3@v5
701  0 @a刘海飞@9liu hai fei@f(1975-)@4著
701  0 @a柳建新@9liu jian xin@f(1962-)@4著
701  0 @a麻昌英@9ma chang ying@f(1988-)@4著
801  0 @aCN@b91MARC@c20180412
905    @aMuseLib@dP631.3@e93
    
    直流激电反演成像理论与方法应用=Inverse theory and methodology for direct current induced polarization method/刘海飞,柳建新,麻昌英著.-长沙:中南大学出版社,2017.12
    263页:图;25cm.-(有色金属理论与技术前沿丛书)
    国家出版基金项目
    
    ISBN 978-7-5487-3119-1(精装):CNY95.00
    本书介绍直流激电反演成像理论与方法应用。全书共分8章,第1章绪论;第2章介绍直流激电法的基本原理与观测方法;第3章介绍直流激电1D/2D/3D数值模拟方法;第4章介绍最小二乘广义线性反演及正则化技术;第5章为混合范数下的最优化反演方法;第6章为直流激电广义线性反演方法;第7章为非线性全局优化反演方法;第8章为直流激电反演软件研发与应用。
●
相关链接 在E读中查询图书 在五车中查询图书 在当当中查询图书 在豆瓣中查询图书


正题名:直流激电反演成像理论与方法应用     索取号:P631.3/93         预约/预借

序号 登录号 条形码 馆藏地/架位号 状态 备注
1 1126987   211269875   第二样本阅览室/ [索取号:P631.3/93] 在馆    
2 1126988   211269884   第三借阅区/ [索取号:P631.3/93] 在馆    
3 1126989   211269893   密集书库-物理学院/ [索取号:P631.3/93] 在馆    
4 1126990   211269900   第三借阅区/ [索取号:P631.3/93] 在馆    
5 1126991   211269919   第三借阅区/ [索取号:P631.3/93] 在馆    
唐山师范学院图书馆 欢迎您!
大连网信软件有限公司© 版权所有